| 000 | 00413nam a22001217a 4500 | ||
|---|---|---|---|
| 082 | _aTHE 200 | ||
| 100 |
_aMuhammad Mohsin Aslam _972617 |
||
| 245 | _aTH-SOF-0948-MODELING, ELECTROMAGNETIC SIMULATIOSNS AND POSITION CONTROL OF RADIAL FLUX BRUSHLESS DC MOTOR | ||
| 260 |
_aNUST COLLEGE OF EME _bISLAMABAD _c2001 |
||
| 650 |
_a MS-ELECT-63 MSTHESIS _970424 |
||
| 700 |
_a Dr.Mohammad Bilal Malik _918497 |
||
| 942 | _cCF | ||
| 999 |
_c578612 _d578612 |
||